|
|
|
|
| LEADER |
00000nam a2200000 4500 |
| 008 |
160418b2006 cr a|||| |||| 00| | spa d |
| 090 |
|
|
|a 06.03.06
|b 2181
|
| 100 |
1 |
|
|9 1555
|a Ruiz Zúñiga, Ángel
|
| 245 |
1 |
0 |
|a Universalización de la educación secundaria y reforma educativa /
|c Ángel Ruiz
|
| 260 |
|
|
|a San José, Costa Rica :
|b Editorial Universidad de Costa Rica,
|c 2006
|
| 300 |
|
|
|a xxix, 271 páginas;
|b ilustraciones
|
| 650 |
1 |
4 |
|9 456
|a EDUCACIÓN SECUNDARIA
|
| 650 |
1 |
4 |
|9 11
|a CALIDAD DE LA EDUCACIÓN
|
| 650 |
1 |
4 |
|9 1095
|a RENDIMIENTO ACADÉMICO
|
| 650 |
1 |
4 |
|9 7
|a REFORMA DE LA EDUCACIÓN
|
| 650 |
1 |
4 |
|9 1089
|a GESTIÓN EDUCATIVA
|
| 650 |
1 |
4 |
|9 1454
|a DESERCIÓN ESCOLAR
|
| 942 |
|
|
|i 003840
|h 06.03.06 2181
|2 z
|c 01
|
| 999 |
|
|
|c 3114
|d 3114
|